San Francisco 49ers Coaching Staff Since 2000 - Statistics

General Stats
  • This quiz has been taken 5 times
  • The average score is 42 of 107
Answer Stats
Hint Answer % Correct
2011 HC Jim Harbaugh
100%
2012 HC Jim Harbaugh
100%
2013 HC Jim Harbaugh
100%
2014 HC Jim Harbaugh
100%
2017 HC Kyle Shanahan
100%
2017 OC Kyle Shanahan
100%
2018 HC Kyle Shanahan
100%
2018 OC Kyle Shanahan
100%
2019 HC Kyle Shanahan
100%
2019 OC Kyle Shanahan
100%
2020 HC Kyle Shanahan
100%
2020 OC Kyle Shanahan
100%
2021 HC Kyle Shanahan
100%
2022 HC Kyle Shanahan
100%
2022 OC Kyle Shanahan
100%
2023 HC Kyle Shanahan
100%
2023 OC Kyle Shanahan
100%
2024 HC Kyle Shanahan
100%
2024 OC Kyle Shanahan
100%
2025 HC Kyle Shanahan
100%
2016 HC Chip Kelly
67%
2021 DC DeMeco Ryans
67%
2022 DC DeMeco Ryans
67%
2003 HC Dennis Erickson
67%
2004 HC Dennis Erickson
67%
2010 HC* Jim Tomsula
67%
2015 HC Jim Tomsula
67%
2021 OC Mike McDaniel
67%
2005 HC Mike Nolan
67%
2006 HC Mike Nolan
67%
2007 HC Mike Nolan
67%
2008 HC Mike Nolan
67%
2008 HC* Mike Singletary
67%
2009 HC Mike Singletary
67%
2010 HC Mike Singletary
67%
2017 DC Robert Saleh
67%
2018 DC Robert Saleh
67%
2019 DC Robert Saleh
67%
2020 DC Robert Saleh
67%
2025 DC Robert Saleh
67%
2025 STC Brant Boyer
33%
2022 STC Brian Schneider
33%
2023 STC Brian Schneider
33%
2024 STC Brian Schneider
33%
2001 OC Greg Knapp
33%
2002 OC Greg Knapp
33%
2003 OC Greg Knapp
33%
2011 OC Greg Roman
33%
2012 OC Greg Roman
33%
2013 OC Greg Roman
33%
2014 OC Greg Roman
33%
2025 OC Klay Kubiak
33%
2024 DC Nick Sorensen
33%
2017 STC Richard Hightower
33%
2018 STC Richard Hightower
33%
2019 STC Richard Hightower
33%
2020 STC Richard Hightower
33%
2021 STC Richard Hightower
33%
2000 HC Steve Mariucci
33%
2001 HC Steve Mariucci
33%
2002 HC Steve Mariucci
33%
2023 DC Steve Wilks
33%
2011 DC Vic Fangio
33%
2012 DC Vic Fangio
33%
2013 DC Vic Fangio
33%
2014 DC Vic Fangio
33%
2007 STC Al Everest
0%
2008 STC Al Everest
0%
2009 STC Al Everest
0%
2005 DC Bill Davis
0%
2006 DC Bill Davis
0%
2011 STC Brad Seely
0%
2012 STC Brad Seely
0%
2013 STC Brad Seely
0%
2014 STC Brad Seely
0%
2000 STC Bruce DeHaven
0%
2001 STC Bruce DeHaven
0%
2002 STC Bruce DeHaven
0%
2016 OC Curtis Modkins
0%
2016 STC Derius Swinton
0%
2015 DC Eric Mangini
0%
2015 OC Geep Chryst
0%
2007 DC Greg Manusky
0%
2008 DC Greg Manusky
0%
2009 DC Greg Manusky
0%
2010 DC Greg Manusky
0%
2007 OC Jim Hostler
0%
2000 DC Jim Mora Jr./Jim Mora
0%
2001 DC Jim Mora Jr./Jim Mora
0%
2002 DC Jim Mora Jr./Jim Mora
0%
2003 DC Jim Mora Jr./Jim Mora
0%
2009 OC Jimmy Raye
0%
2010 OC Jimmy Raye
0%
2016 DC Jim O’Neil
0%
2010 STC Kurt Schottenheimer
0%
2003 STC Larry MacDuff
0%
2004 STC Larry MacDuff
0%
2005 STC Larry MacDuff
0%
2006 STC Larry MacDuff
0%
2000 OC Marty Mornhinweg
0%
2010 OC* Mike Johnson
0%
2008 OC Mike Martz
0%
2005 OC Mike McCarthy
0%
2006 OC Norv Turner
0%
2004 OC Ted Tollner
0%
2015 STC Thomas McGaughey
0%
2004 DC Willy Robinson
0%
No matching quizzes found
Score Distribution
Percent of People with Each Score
Percentile by Number Answered
Your Score History
You have not taken this quiz